000 00610cab a2200181 4500
001 ##L132963
008 060328n2006 000 0 eng u
035 _a(Sirsi) u132963
041 0 _aeng
100 1 _aWeight, David
245 0 0 _aWhole-life costs
260 _c2006
490 0 _aBuilding
_v271(8423) 24 March 2006, 60-64(5)
520 _aCompares the whole-life costs of developing four-storey and eight-storey buildings, and examines the effect of change on developer profit margins. Contains graphs and tables.
590 _aIKA280306
690 _aBUILT ENVIRONMENT-BUILDING COSTS
942 _n0
999 _c76721
_d76721